000 00466nam a2200193Ia 4500
005 20240823033323.0
008 240823s9999||||xx |||||||||||||| ||und||
020 _a978-0-981-7703-0-7
041 _aENGLISH
082 _A158.1 Q2
100 _aSri Vishwanath
245 0 _aZero Effort For Next Generation Leaders
250 _a1st
260 _c2012
_bwww.soulpowermagi
500 _aYES
650 _aZero Effort
_bGeneral
942 _cBK
999 _c195533
_d195533